| 000 | 01494cam a22003853a 4500 | ||
|---|---|---|---|
| 999 |
_c234527 _d234527 |
||
| 001 | 13804871 | ||
| 003 | Nust | ||
| 005 | 20180801051107.0 | ||
| 008 | 031022s2003 nyu 000 1 eng d | ||
| 010 | _a 2004718982 | ||
| 020 |
_a9780749934279 (pbk.) _cRs. 456 |
||
| 035 | _a(OCoLC)ocm53250696 | ||
| 038 | _aArshad | ||
| 040 |
_aJAG _cJAG _dJED _dMR0 _dLVC _dXY4 _dDLC |
||
| 042 | _alccopycat | ||
| 050 | 0 | 0 | _aCPB Box no. 2257 vol. 5 |
| 082 |
_a813.54 _bROB |
||
| 100 | 1 |
_aRoberts, Nora. _94521 |
|
| 245 | 1 | 0 |
_aKey of light / _cNora Roberts. |
| 250 | _aJove ed. | ||
| 260 |
_aNew York : _bJove Books, _c2003. |
||
| 300 |
_a342 p. ; _c18 cm. |
||
| 490 | 1 | _aFirst in the dazzling new Key trilogy | |
| 500 | _aIncludes a preview of the next book in the series: Key of knowledge. | ||
| 520 | _aThree woman. Three keys. Each has 28 days to find her way through a dangerous quest. Nora Roberts brings us a unique series with a twist-each novel is written in real time, and the novels will be published in consecutive months. | ||
| 650 | 0 |
_aQuests (Expeditions) _vFiction. _912200 |
|
| 650 | 0 |
_aMythology, Celtic _vFiction. _912201 |
|
| 655 | 7 |
_aAdventure fiction. _2gsafd _95620 |
|
| 655 | 7 |
_aFantasy fiction. _2gsafd _91087 |
|
| 710 | 2 |
_aCopyright Paperback Collection (Library of Congress) _5DLC _91743 |
|
| 800 | 1 |
_aRoberts, Nora. _tKey trilogy ; _v1st. _912202 |
|
| 906 |
_a7 _bcbc _ccopycat _d2 _encip _f20 _gy-genrareb |
||
| 942 |
_2ddc _cBK |
||